Countries Containing O - Three Minute Sprint - Statistics

General Stats
  • This quiz has been taken 283 times
  • The average score is 42 of 69
Answer Stats
country % Correct
{S}o{uth} {Korea}
94%
{S}o{uth} {Africa}
88%
{P}o{rtugal}
87%
{N}o{rth} {K}o{rea}
85%
{C}o{l}o{mbia}
80%
O{man}
80%
{S}o{uth} {Sudan}
77%
{M}o{r}o{cc}o
76%
{And}o{rra}
75%
{H}o{nduras}
75%
{N}o{rway}
74%
{T}o{nga}
74%
{M}o{ntenegr}o
73%
{Mexic}o
72%
{R}o{mania}
72%
{Ang}o{la}
71%
{P}o{land}
71%
{B}o{livia}
70%
{T}o{g}o
70%
{B}o{snia} {and} {Herzeg}o{vina}
69%
{Dem} {Republic} o{f} {the} {C}o{ng}o
69%
{San} {Marin}o
69%
{C}o{m}o{r}o{s}
68%
{C}o{sta} {Rica}
68%
{K}o{s}o{v}o
68%
{Sl}o{vakia}
68%
{Sl}o{venia}
68%
{C}o{ng}o
67%
{D}o{minica}
66%
{M}o{nac}o
65%
{S}o{l}o{m}o{n} {Islands}
65%
{Camer}oo{n}
63%
{D}o{minican} {Republic}
63%
{Est}o{nia}
62%
{Ind}o{nesia}
62%
{La}o{s}
62%
{M}o{ld}o{va}
62%
{S}o{malia}
62%
{B}o{tswana}
60%
{Ecuad}o{r}
60%
{United} {Kingd}o{m}
60%
{Camb}o{dia}
59%
{J}o{rdan}
58%
{Trinidad} {and} {T}o{bag}o
58%
{Cr}o{atia}
57%
{M}o{ng}o{lia}
57%
{Sam}o{a}
57%
{Lesoth}o
56%
{Micr}o{nesia}
55%
{M}o{zambique}
55%
{El} {Salvad}o{r}
53%
{Barbad}o{s}
52%
{Maced}o{nia}
52%
{Sã}o {T}o{mé} {and} {Príncipe}
51%
{Leban}o{n}
49%
{Burkina} {Fas}o
48%
{C}ô{te} {d'Iv}o{ire}
48%
{Singap}o{re}
48%
{Gab}o{n}
47%
{Ge}o{rgia}
46%
{Ethi}o{pia}
43%
{Luxemb}o{urg}
43%
{Tim}o{r} {Leste}
43%
{Djib}o{uti}
39%
{Equat}o{rial} {Guinea}
33%
{Sierra} {Le}o{ne}
33%
{C}oo{k} {Islands}
19%
{Curaça}o
12%
{Far}o{e} {Islands}
11%
No matching quizzes found
Score Distribution
Percent of People with Each Score
Percentile by Number Answered
Your Score History
You have not taken this quiz